| 000 | 00905nam a2200241 a 4500 | ||
|---|---|---|---|
| 005 | 20090513143737.0 | ||
| 008 | 920320s1993 njua | b 001 0 eng | ||
| 010 | _aENG-93513 | ||
| 020 |
_a9788120336971 _c350.00 |
||
| 035 | _aEN-77046 | ||
| 037 | _bDBAD / PUB | ||
| 040 |
_adpl _bEnglish |
||
| 082 | _a340.11 | ||
| 245 |
_aStrengthening governance through access to justice / _cedited by Amita Singh [and] Nasir Aslam Zahid |
||
| 260 |
_aNew Delhi _bPHI Learning _c2009 |
||
| 270 |
_aM-97, Connaught Circus, _bNew Delhi _e110001 |
||
| 300 |
_avii, 180p. _c24cm(Hb) |
||
| 500 | _aIncludes references | ||
| 700 | _aSingh, Amita | ||
| 700 | _aNasir Aslam Zahid | ||
| 942 |
_2ddc _cEN _mSTR _h340.11 |
||
| 999 |
_c26324 _d26324 |
||